Star Wars Figuren erster Auftritt - Statistiken

Allgemein
  • Dieses Quiz wurde 864 mal gespielt
    850 seit der letzten Aktualisierung
  • Das Durchschnittsergebnis liegt bei 11 aus 15
Antwortstatistiken
Figur Erster Auftritt % Korrekt
Jyn Erso Rogue One A Star Wars Story
78%
Jango Fett Star Wars Angriff der Klonkrieger
78%
Boba Fett Star Wars Angriff der Klonkrieger
78%
Han Solo Solo A Star Wars Story
77%
Kyle Ren/Ben Solo Star Wars das Erwachen der Macht
76%
Rey Palpatine Star Wars Das Erwachen der Macht
76%
Ashoka Tano Star Wars The Clone Wars
75%
Captain Rex Star Wars The Clone Wars
75%
ARC-5555 / CT-5555 / CT-27-5555, Star Wars The Clone Wars
75%
Grogu Star Wars The Mandalorian
75%
Ezra Bridger Star Wars Rebels
71%
Obi-Wan-Kenobi Star Wars Die dunkle Bedrohung
68%
Darth Sidious Star Wars die dunkle Bedrohung
68%
Luke Skywalker Star Wars die Rache der Sith
66%
Omega Star Wars The Bad Batch
55%
Keine übereinstimmenden Quizze gefunden
Verteilung der Resultate
Anzahl Personen mit jedem Resultat
Perzentil nach korrekt beantworteten Fragen
Ihre Resultats-Entwicklung
Sie haben dieses Quiz seit der letzten Aktualisierung nicht gespielt